000 00522cam a2200169 4500500
005 20260405002229.0
041 _afre
042 _adc
100 1 0 _aGalou, Adam
_eauthor
245 0 0 _aUne expérience à réveiller les morts ?
260 _c2016.
500 _a53
690 _aJohn Locke
690 _aPhilip K. Dick
786 0 _nPhilosophie magazine | 101 | 7 | 2016-07-01 | p. 5-5 | 1951-1787
856 4 1 _uhttps://shs.cairn.info/magazine-philosophie-magazine-2016-7-page-5?lang=fr&redirect-ssocas=7080
999 _c2055636
_d2055636